Príspevok k dejinám slovenského robotníckeho hnutia

Guardado en:
Detalles Bibliográficos
Formato: Libro
Lenguaje:eslovaco
Publicado: Bratislava Pravda 1951
Etiquetas: Agregar Etiqueta
Sin Etiquetas, Sea el primero en etiquetar este registro!

MARC

LEADER 00000nam a2200000 4500
001 0314987
005 20260213114439.6
041 0 |a slo 
044 |a SK 
245 1 0 |a Príspevok k dejinám slovenského robotníckeho hnutia  |c Miloš Gosiorovský 
264 1 |a Bratislava  |b Pravda  |c 1951